White collar unemployment : (Record no. 57300)
[ view plain ]
| 000 -LEADER | |
|---|---|
| fixed length control field | 00957cam5a220027700 4500 |
| 001 - CONTROL NUMBER | |
| control field | lce01442177 |
| 008 - FIXED-LENGTH DATA ELEMENTS--GENERAL INFORMATION | |
| fixed length control field | 820505s1983 enka b 001 0 eng |
| 010 ## - LIBRARY OF CONGRESS CONTROL NUMBER | |
| LC control number | 82008590 |
| 020 ## - INTERNATIONAL STANDARD BOOK NUMBER | |
| Terms of availability | |
| -- | 5.50 |
| 035 ## - SYSTEM CONTROL NUMBER | |
| System control number | (Sirsi) r118047 |
| 035 ## - SYSTEM CONTROL NUMBER | |
| System control number | (DLC) 82008590 |
| 035 ## - SYSTEM CONTROL NUMBER | |
| System control number | (UPRA)lce01442177 |
| 050 0# - LIBRARY OF CONGRESS CALL NUMBER | |
| Classification number | HD5718.M39 |
| Item number | F56 1983 |
| 082 0# - DEWEY DECIMAL CLASSIFICATION NUMBER | |
| Classification number | 331.13/7804 |
| Edition number | 19 |
| 100 1# - MAIN ENTRY--PERSONAL NAME | |
| Personal name | Fineman, Stephen. |
| Linkage | A83487.1 |
| 245 10 - TITLE STATEMENT | |
| Title | White collar unemployment : |
| Remainder of title | impact and stress / |
| Statement of responsibility, etc. | Stephen Fineman. |
| 260 ## - PUBLICATION, DISTRIBUTION, ETC. | |
| Place of publication, distribution, etc. | Chichester ; New York ; |
| -- | Chichester ; New York ; |
| Name of publisher, distributor, etc. | Wiley, |
| Date of publication, distribution, etc. | c1983. |
| 440 #0 - SERIES STATEMENT/ADDED ENTRY--TITLE | |
| Title | Wiley series on organizational change and development |
| Linkage | S12602.1 |
| 500 ## - GENERAL NOTE | |
| General note | Includes index. |
| 504 ## - BIBLIOGRAPHY, ETC. NOTE | |
| Bibliography, etc. note | Bibliography: p. 148-151. |
| 650 #0 - SUBJECT ADDED ENTRY--TOPICAL TERM | |
| Topical term or geographic name entry element | White collar workers. |
| Linkage | S2641.1 |
| 650 #0 - SUBJECT ADDED ENTRY--TOPICAL TERM | |
| Topical term or geographic name entry element | Unemployed. |
| Linkage | S33806.1 |
| 949 ## - LOCAL PROCESSING INFORMATION (OCLC) | |
| a | HD5718.M39 |
| w | lcc |
| i | 33729000800222 |
| m | MAIN |
| t | BOOK |
| l | ON-SHELF |
| 949 ## - LOCAL PROCESSING INFORMATION (OCLC) | |
| a | HD5718.M39 |
| w | lcc |
| i | 33729005184044 |
| m | MAIN |
| t | BOOK |
| l | ON-SHELF |
No items available.